| 000 | 00812nam a22002174a 4500 | ||
|---|---|---|---|
| 005 | 20080729164931.0 | ||
| 008 | 080416s2008 waua 001 0 eng | ||
| 010 | _aENG-91509 | ||
| 020 |
_c60.00 _a9788190743068 |
||
| 035 | _aEN-75042 | ||
| 037 | _bDBAD / PUB | ||
| 040 |
_aDPL _bEnglish |
||
| 082 | _a338.17372095409 | ||
| 100 | _aRamesh, N. | ||
| 245 |
_aThe history of the tea plantation in Nilgiris / _cby N. Ramesh |
||
| 260 |
_aCoimbatore _bA.E. Publications _c2008 |
||
| 300 |
_a64p.: _c20cm (pbk) _bb&w photos |
||
| 650 |
_aTea trade _zIndia _xHistory |
||
| 942 |
_2ddc _cEN _mRAM _h338.17372095409 |
||
| 999 |
_c17548 _d17548 |
||